000 00980nmm a2200301 a 4500
001 ocm0002146796
003 TR-IsHL
005 20201028183847.0
008 190424s2014 tu tur
007 cr cn
020 _a9786059023047
035 _a2146796
_b(N$T)
050 0 4 _aLB1139.3.S23
_bO38 2014
090 0 4 _aLB1139.3.S23
_bO38 2014
100 1 _aSabır, Erol
245 1 0 _aOkul öncesi eğitimde yaratıcı drama ve oyun destekli beslenme eğitimi
_h[electronic resource] /
_cErol Sabır
250 _a1. Basım
260 _aİstanbul :
_bPales Yayınları,
_c2014
300 _a207 p.
650 4 _aEğitim
650 4 _aEducation
650 0 _aOkulöncesi eğitim
_x Türkiye
650 0 _aPre-school education
_x Turkey
650 0 _aBeslenme
650 0 _aNutrition
650 7 _aHEALTH & FITNESS / Diet & Nutrition / General
_2bisacsh
856 4 0 _uhttp://search.ebscohost.com/login.aspx?direct=true&scope=site&db=e011xww&AN=2146796
999 _c20733
_d20733